Jugadores Chile #1 - Estadísticas

Estadísticas generales
  • Esta prueba ha sido intentada 35 veces
  • La puntuación promedio es 15 de 20
Estadísticas de respuestas
Imagen Respuesta % Correcto
Ben Brereton
100%
Bravo
100%
Medel
100%
Alexis Sanchez
97%
Vidal
97%
Vargas
91%
Maripan
88%
Paulo Diaz
82%
Gabriel Arias
79%
Palacios
79%
Aranguiz
76%
Brayan Cortes
76%
Isla
73%
Suazo
67%
Catalan
61%
Alarcon
58%
Nuñez
58%
Pizarro
58%
Osorio
52%
Roco
52%
No se encontraron pruebas coincidentes
Distribución de puntuación
Porcentaje de gente con cada puntuación
Porcentaje por número respondido
Historial de tus puntuaciones
No has intentado esta prueba.